000 00889nam a2200265Ia 4500
003 OSt
005 20241127112727.0
008 210716s2006 xx 000 0 und d
020 _a9788131202197
040 _cAIMIT LIBRARY
041 _aeng
082 _a005.74
_21
_bGUTR
100 _aGuting, Ralf Hartmut.
_9186556
245 _aMoving objects databases /
_cBy Ralf Hartmut Guting and Markus Schneider.
250 _a1st ed.
260 _aNew Delhi :
_bElsevier India Pvt Ltd ,
_c2006.
300 _axxi,388 p.;
_bPB
_c23.5 cm.
650 _aTemporal databases
_9186557
650 _aModeling and querying current movement
_9186558
650 _aModeling and querying history of movement
_9186559
650 _aConstraint database approach
_9186560
650 _aSpatio temporal indexing
_9186796
700 _aSchneider, Markus.
_9186561
942 _2ddc
_cBK
_e1st
_k005.74 GUTR
999 _c189077
_d189077